| 000 | 00636cas a22002055a 4500 | ||
|---|---|---|---|
| 001 | L139218 | ||
| 008 | 070724d19351956xxumr p 0 a0eng u | ||
| 035 | _a(Sirsi) u139218 | ||
| 041 | 0 | _aeng | |
| 110 | 2 |
_aSociety of Residential Appraisers _95285 |
|
| 240 | _aReview | ||
| 245 | 0 | 4 |
_aThe Review _bThe Society of Residential Appraisers |
| 260 |
_aChicago _bThe Society of Residential Appraisers _c1935-1956 |
||
| 362 | 0 | _a20(1) January 1954-22[9] September 1956 | |
| 554 | _a12 per year | ||
| 651 | 4 |
_aUnited States _y1959- |
|
| 690 | _aPROPERTY-PROPERTY APPRAISAL AND VALUATION | ||
| 785 | 0 | 0 | _tResidential Appraiser |
| 942 | _n0 | ||
| 999 |
_c119077 _d119077 |
||